000 00472 a2200157 4500
999 _c7792
_d7792
020 _a0713675233
050 _aHF 5549.5 MAN 2006
245 _aManage meetings positively :
_bhow to take charge and come up with results/
264 _aLondon :
_bA. & C. Black,
_c2006.
300 _avi; 88P.:
500 _aIncludes index
650 _aBusiness meetings.
650 _aMeetings.
650 _aBusiness communication & presentation.
942 _2lcc
_cBK
_h5549.9
_iMAN
_kHF